[Event "WTCC-50 2018"]
[Site "Radebeul"]
[Date "2018.07.10"]
[Round "4"]
[White "Chan, Peng Kong"]
[Black "Wuttke, Hans"]
[Result "1/2-1/2"]
[WhiteElo "2158"]
[BlackElo "2160"]
[Annotator "NA"]
[PlyCount "33"]
[EventDate "2018.07.07"]
[EventType "team-tourn"]
[EventCountry "GER"]
[SourceTitle "playchess.com"]
[Source "ChessBase"]
[SourceQuality "1"]
[TimeControl "40/5400+30:1800+30"]

1. Nf3 {[%emt 0:06:16]} e6 {[%emt 0:00:16]} 2. c4 {[%emt 0:00:48]} c5 {[%emt 0:00:18]} 3. g3 {[%emt 0:00:36]} b6 {[%emt 0:02:12]} 4. Bg2 {[%emt 0:00:12]} Bb7 {[%emt 0:00:01]} 5. O-O {[%emt 0:00:22]} Nf6 {[%emt 0:00:08]} 6. b3 {[%emt 0:05:39]} Be7 {[%emt 0:00:39]} 7. Bb2 {[%emt 0:00:08]} O-O {[%emt 0:00:11]} 8. Nc3 {[%emt 0:04:15]} d6 {[%emt 0:03:57]} 9. d4 {[%emt 0:04:56]} cxd4 {[%emt 0:03:09]} 10. Qxd4 {[%emt 0:00:08]} a6 {[%emt 0:03:06]} 11. Rfd1 {[%emt 0:00:29]} Nbd7 {[%emt 0:00:44]} 12. Rac1 {[%emt 0:00:58]} Qc7 {[%emt 0:03:47]} 13. e4 {[%emt 0:07:57]} Rfe8 {[%emt 0:03:24]} 14. Ne1 {[%emt 0:07:10]} Rad8 {[%emt 0:03:54]} 15. Nc2 {[%emt 0:01:06]} Bf8 {[%emt 0:01:09]} 16. Ne3 {[%emt 0:01:53]} Qb8 {[%emt 0:01:12]} 17. Qd2 {[%emt 0:05:45]} 1/2-1/2

[Event "WTCC-50 2018"]
[Site "Radebeul"]
[Date "2018.07.10"]
[Round "4"]
[White "Ernst, Michael"]
[Black "Sazonova, Elena N"]
[Result "1/2-1/2"]
[WhiteElo "2156"]
[BlackElo "2146"]
[Annotator "NA"]
[PlyCount "48"]
[EventDate "2018.07.07"]
[EventType "team-tourn"]
[EventCountry "GER"]
[SourceTitle "playchess.com"]
[Source "ChessBase"]
[SourceQuality "1"]
[TimeControl "40/5400+30:1800+30"]

1. d4 {[%emt 0:00:00]} Nf6 {[%emt 0:00:00]} 2. Nf3 {[%emt 0:00:00]} g6 {[%emt 0:00:50]} 3. Bf4 {[%emt 0:00:00]} Bg7 {[%emt 0:00:25]} 4. h3 {[%emt 0:00:01]} O-O {[%emt 0:01:06]} 5. e3 {[%emt 0:00:08]} d6 {[%emt 0:00:24]} 6. Be2 {[%emt 0:00:37]} Nbd7 {[%emt 0:00:38]} 7. O-O {[%emt 0:00:46]} Qe8 {[%emt 0:00:47]} 8. Bh2 {[%emt 0:00:12]} e5 {[%emt 0:00:36]} 9. c4 {[%emt 0:00:24]} Qe7 {[%emt 0:01:01]} 10. Nc3 {[%emt 0:00:11]} c6 {[%emt 0:00:16]} 11. b4 {[%emt 0:01:24]} Rd8 {[%emt 0:01:14]} 12. Qc2 {[%emt 0:02:27]} Nf8 {[%emt 0:03:15]} 13. c5 {[%emt 0:07:29]} dxc5 {[%emt 0:07:37]} 14. dxc5 {[%emt 0:01:24]} Nd5 {[%emt 0:11:12]} 15. Nxd5 {[%emt 0:03:19]} Rxd5 {[%emt 0:04:20]} 16. Bc4 {[%emt 0:03:51]} Rd8 {[%emt 0:01:00]} 17. Rad1 {[%emt 0:02:34]} Bf5 {[%emt 0:05:15]} 18. Qc3 {[%emt 0:13:03]} Rxd1 {[%emt 0:12:08]} 19. Rxd1 {[%emt 0:01:42]} Re8 {[%emt 0:01:07]} 20. Qd2 {[%emt 0:14:25]} Be4 {[%emt 0:12:15]} 21. Qd6 {[%emt 0:02:45]} Bxf3 {[%emt 0:01:11]} 22. Qxe7 {[%emt 0:00:09]} Rxe7 {[%emt 0:00:05]} 23. gxf3 {[%emt 0:00:17]} Rd7 {[%emt 0:01:11]} 24. Rxd7 {[%emt 0:01:09]} Nxd7 {[%emt 0:00:13]} 1/2-1/2

[Event "WTCC-50 2018"]
[Site "Radebeul"]
[Date "2018.07.10"]
[Round "4"]
[White "Frostick, Clive A"]
[Black "Boehm, Martin"]
[Result "1/2-1/2"]
[WhiteElo "2133"]
[BlackElo "2172"]
[Annotator "NA"]
[PlyCount "38"]
[EventDate "2018.07.07"]
[EventType "team-tourn"]
[EventCountry "GER"]
[SourceTitle "playchess.com"]
[Source "ChessBase"]
[SourceQuality "1"]
[TimeControl "40/5400+30:1800+30"]

1. e4 {[%emt 0:00:00]} c5 {[%emt 0:00:16]} 2. Nf3 {[%emt 0:00:29]} e6 {[%emt 0:01:19]} 3. g3 {[%emt 0:04:35]} Nc6 {[%emt 0:03:08]} 4. Bg2 {[%emt 0:01:19]} d5 {[%emt 0:02:05]} 5. exd5 {[%emt 0:08:08]} exd5 {[%emt 0:00:32]} 6. d4 {[%emt 0:09:42]} Bg4 {[%emt 0:11:59]} 7. c3 {[%emt 0:09:33]} cxd4 {[%emt 0:04:18]} 8. O-O {[%emt 0:02:48]} Nf6 {[%emt 0:05:16]} 9. h3 {[%emt 0:15:51]} Bxf3 {[%emt 0:06:06]} 10. Qxf3 {[%emt 0:09:28]} Be7 {[%emt 0:00:28]} 11. Bg5 {[%emt 0:02:48]} O-O {[%emt 0:00:24]} 12. Bxf6 {[%emt 0:01:08]} Bxf6 {[%emt 0:00:07]} 13. Qxd5 {[%emt 0:00:14]} Qb6 {[%emt 0:10:54]} 14. Qb3 {[%emt 0:08:58]} Na5 {[%emt 0:01:17]} 15. Qxb6 {[%emt 0:05:11]} axb6 {[%emt 0:00:07]} 16. Nd2 {[%emt 0:02:15]} dxc3 {[%emt 0:00:32]} 17. bxc3 {[%emt 0:00:08]} Bxc3 {[%emt 0:01:57]} 18. Rad1 {[%emt 0:00:09]} Rfd8 {[%emt 0:01:50]} 19. Nb3 {[%emt 0:03:01]} Nxb3 1/2-1/2

[Event "WTCC-50 2018"]
[Site "Radebeul"]
[Date "2018.07.10"]
[Round "4"]
[White "Rensch, Toralf"]
[Black "Schultz, Andreas"]
[Result "1/2-1/2"]
[WhiteElo "2088"]
[BlackElo "2211"]
[Annotator "NA"]
[PlyCount "41"]
[EventDate "2018.07.07"]
[EventType "team-tourn"]
[EventCountry "GER"]
[SourceTitle "playchess.com"]
[Source "ChessBase"]
[SourceQuality "1"]
[TimeControl "40/5400+30:1800+30"]

1. e4 {[%emt 0:00:00]} e6 {[%emt 0:00:00]} 2. d4 {[%emt 0:00:24]} d5 {[%emt 0:00:00]} 3. Nd2 {[%emt 0:00:46]} c5 {[%emt 0:00:02]} 4. Ngf3 {[%emt 0:06:06]} Nf6 {[%emt 0:10:20]} 5. exd5 {[%emt 0:02:28]} exd5 {[%emt 0:00:11]} 6. Bb5+ {[%emt 0:01:13]} Bd7 {[%emt 0:01:21]} 7. Qe2+ {[%emt 0:02:26]} Be7 {[%emt 0:02:48]} 8. dxc5 {[%emt 0:02:45]} O-O {[%emt 0:00:26]} 9. O-O {[%emt 0:06:00]} Bxc5 {[%emt 0:04:08]} 10. Bxd7 {[%emt 0:01:18]} Qxd7 {[%emt 0:02:19]} 11. Nb3 {[%emt 0:04:57]} Bb6 {[%emt 0:05:35]} 12. Bg5 {[%emt 0:03:39]} Ne4 {[%emt 0:03:31]} 13. Rad1 {[%emt 0:04:30]} Nxg5 {[%emt 0:04:13]} 14. Nxg5 {[%emt 0:01:11]} Qf5 {[%emt 0:00:20]} 15. Nf3 {[%emt 0:02:23]} Nc6 {[%emt 0:03:57]} 16. Qd3 {[%emt 0:04:32]} Qf6 {[%emt 0:05:01]} 17. c3 {[%emt 0:00:55]} Rad8 {[%emt 0:00:39]} 18. Nbd4 {[%emt 0:02:10]} g6 {[%emt 0:04:12]} 19. Rfe1 {[%emt 0:02:37]} Rfe8 {[%emt 0:03:34]} 20. Kf1 {[%emt 0:06:15]} Kf8 {[%emt 0:04:04]} 21. Qd2 {[%emt 0:02:39]} 1/2-1/2

[Event "WTCC-50 2018"]
[Site "Radebeul"]
[Date "2018.07.10"]
[Round "4"]
[White "Berndt, Matthias"]
[Black "Homer, Stephen J"]
[Result "1-0"]
[WhiteElo "2077"]
[BlackElo "2020"]
[Annotator "NA"]
[PlyCount "65"]
[EventDate "2018.07.07"]
[EventType "team-tourn"]
[EventCountry "GER"]
[SourceTitle "playchess.com"]
[Source "ChessBase"]
[SourceQuality "1"]
[TimeControl "40/5400+30:1800+30"]

1. e4 {[%emt 0:00:00]} c5 {[%emt 0:00:00]} 2. d3 {[%emt 0:00:01]} Nc6 {[%emt 0:00:16]} 3. g3 {[%emt 0:00:07]} g6 {[%emt 0:01:16]} 4. Bg2 {[%emt 0:00:09]} Bg7 {[%emt 0:00:05]} 5. Nc3 {[%emt 0:00:29]} d6 {[%emt 0:00:05]} 6. Be3 {[%emt 0:00:50]} Rb8 {[%emt 0:02:13]} 7. f4 {[%emt 0:03:58]} e6 {[%emt 0:02:13]} 8. Qd2 {[%emt 0:02:14]} Nge7 {[%emt 0:00:31]} 9. g4 {[%emt 0:05:38]} h5 {[%emt 0:14:50]} 10. gxh5 {[%emt 0:05:39]} Rxh5 {[%emt 0:00:05]} 11. Nf3 {[%emt 0:03:03]} Nd4 {[%emt 0:11:45]} 12. O-O {[%emt 0:11:43]} Nec6 {[%emt 0:03:26]} 13. Nd1 {[%emt 0:02:50]} Qa5 {[%emt 0:09:27]} 14. Qf2 {[%emt 0:05:13]} Qa4 {[%emt 0:01:39]} 15. Ne1 {[%emt 0:04:23]} Qa5 {[%emt 0:04:12]} 16. Bd2 {[%emt 0:03:55]} Qd8 {[%emt 0:02:54]} 17. c3 {[%emt 0:00:18]} Nb5 {[%emt 0:00:21]} 18. Nf3 {[%emt 0:00:45]} Nc7 {[%emt 0:03:53]} 19. Qg3 {[%emt 0:03:40]} d5 {[%emt 0:01:03]} 20. Ng5 {[%emt 0:05:35]} Qd6 {[%emt 0:10:50]} 21. Ne3 {[%emt 0:03:56]} Kf8 {[%emt 0:03:26]} 22. Rae1 {[%emt 0:03:35]} Bd7 {[%emt 0:00:33]} 23. Bf3 {[%emt 0:05:34]} Rh8 {[%emt 0:00:47]} 24. h4 {[%emt 0:05:23]} b5 {[%emt 0:01:38]} 25. Re2 {[%emt 0:00:24]} d4 {[%emt 0:06:11]} 26. Ng4 {[%emt 0:10:07]} dxc3 {[%emt 0:00:44]} 27. bxc3 {[%emt 0:00:11]} b4 {[%emt 0:04:33]} 28. cxb4 {[%emt 0:05:02]} Nd4 {[%emt 0:09:05]} 29. Rg2 {[%emt 0:00:47]} Nxf3+ {[%emt 0:00:35]} 30. Rxf3 {[%emt 0:02:29]} Nb5 {[%emt 0:02:49]} 31. Nxf7 {[%emt 0:02:29]} Kxf7 {[%emt 0:00:02]} 32. Ne5+ {[%emt 0:00:07]} Bxe5 {[%emt 0:00:10]} 33. fxe5+ {[%emt 0:00:10]} 1-0

[Event "WTCC-50 2018"]
[Site "Radebeul"]
[Date "2018.07.10"]
[Round "4"]
[White "Bowmer, Kevin"]
[Black "Titscher, Libor"]
[Result "1-0"]
[WhiteElo "2039"]
[BlackElo "2306"]
[Annotator "ChessBase"]
[PlyCount "90"]
[EventDate "2018.07.07"]
[EventType "team-tourn"]
[EventCountry "GER"]
[SourceTitle "playchess.com"]
[Source "ChessBase"]
[SourceQuality "1"]
[TimeControl "40/5400+30:1800+30"]

1. e4 {[%emt 0:00:00]} c5 {[%emt 0:00:00]} 2. Nf3 {[%emt 0:00:00]} Nc6 {[%emt 0:00:00]} 3. d4 {[%emt 0:00:11]} cxd4 {[%emt 0:00:24]} 4. Nxd4 {[%emt 0:00:23]} g6 {[%emt 0:00:02]} 5. c4 {[%emt 0:00:46]} Bg7 {[%emt 0:00:05]} 6. Be3 {[%emt 0:00:22]} Nf6 {[%emt 0:00:08]} 7. Nc3 {[%emt 0:01:33]} Ng4 {[%emt 0:00:28]} 8. Qxg4 {[%emt 0:00:36]} Nxd4 {[%emt 0:00:08]} 9. Qd1 {[%emt 0:00:18]} Ne6 {[%emt 0:00:04]} 10. Rc1 {[%emt 0:01:23]} Qa5 {[%emt 0:00:15]} 11. Bd3 {[%emt 0:01:53]} b6 {[%emt 0:02:43]} 12. Qd2 {[%emt 0:07:08]} g5 {[%emt 0:00:15]} 13. O-O {[%emt 0:13:09]} Qe5 {[%emt 0:03:18]} 14. b3 {[%emt 0:05:53]} Bb7 {[%emt 0:06:48]} 15. Nd5 {[%emt 0:06:38]} h5 {[%emt 0:11:14]} 16. f3 {[%emt 0:08:36]} h4 {[%emt 0:04:39]} 17. Bb1 {[%emt 0:13:02]} d6 {[%emt 0:13:44]} 18. Rcd1 {[%emt 0:06:32]} Kf8 {[%emt 0:08:31]} 19. a4 {[%emt 0:09:48]} Qb2 {[%emt 0:15:27]} 20. Qxb2 {[%emt 0:04:15]} Bxb2 {[%emt 0:00:18]} 21. Rf2 {[%emt 0:00:41]} Be5 {[%emt 0:04:07]} 22. Ra2 {[%emt 0:01:52]} Nf4 {[%emt 0:12:24]} 23. h3 {[%emt 0:03:05]} e6 {[%emt 0:01:49]} 24. Nc7 {[%emt 0:01:03]} Rd8 {[%emt 0:02:34]} 25. Nb5 {[%emt 0:01:06]} d5 {[%emt 0:01:43]} 26. Nxa7 {[%emt 0:01:55]} d4 {[%emt 0:00:07]} 27. Nb5 {[%emt 0:00:26]} Ke7 {[%emt 0:04:45]} 28. Nxd4 {[%emt 0:02:33]} Rd7 {[%emt 0:00:07]} 29. Rad2 {[%emt 0:01:22]} Rhd8 {[%emt 0:00:23]} 30. Kf1 {[%emt 0:00:50]} Bd6 {[%emt 0:04:34]} 31. Ne2 {[%emt 0:01:47]} Bc5 {[%emt 0:01:13]} 32. Bxc5+ {[%emt 0:01:38]} bxc5 {[%emt 0:00:07]} 33. Rxd7+ {[%emt 0:00:06]} Rxd7 {[%emt 0:00:01]} 34. Rxd7+ {[%emt 0:00:07]} Kxd7 {[%emt 0:00:07]} 35. Nxf4 {[%emt 0:00:25]} gxf4 {[%emt 0:00:02]} 36. e5 {[%emt 0:01:02]} Ke7 {[%emt 0:00:59]} 37. Be4 {[%emt 0:01:00]} Ba6 {[%emt 0:00:11]} 38. Ke2 {[%emt 0:00:16]} f5 {[%emt 0:00:01]} 39. exf6+ {[%emt 0:00:20]} Kxf6 {[%emt 0:00:05]} 40. Kd3 {[%emt 0:00:39]} Ke5 {[%emt 0:00:29]} 41. Kc3 {[%emt 0:32:17]} Kd6 {[%emt 0:30:35]} 42. b4 {[%emt 0:02:30]} cxb4+ {[%emt 0:01:56]} 43. Kxb4 {[%emt 0:00:09]} e5 {[%emt 0:00:08]} 44. a5 {[%emt 0:00:45]} Kc7 {[%emt 0:01:22]} 45. Kc5 {[%emt 0:00:19]} Bc8 {[%emt 0:00:32]} 1-0

[Event "WTCC-50 2018"]
[Site "Radebeul"]
[Date "2018.07.10"]
[Round "4"]
[White "Thurstan, Tim M"]
[Black "Schulenburg, Bernd"]
[Result "1-0"]
[WhiteElo "2035"]
[BlackElo "2152"]
[Annotator "NA"]
[PlyCount "99"]
[EventDate "2018.07.07"]
[EventType "team-tourn"]
[EventCountry "GER"]
[SourceTitle "playchess.com"]
[Source "ChessBase"]
[SourceQuality "1"]
[TimeControl "40/5400+30:1800+30"]

1. f4 {[%emt 0:00:00]} Nf6 {[%emt 0:00:06]} 2. Nf3 {[%emt 0:00:00]} c5 {[%emt 0:01:07]} 3. g3 {[%emt 0:00:26]} b5 {[%emt 0:01:10]} 4. Bg2 {[%emt 0:00:34]} Bb7 {[%emt 0:00:10]} 5. d3 {[%emt 0:08:56]} d5 {[%emt 0:01:51]} 6. Ne5 {[%emt 0:07:31]} Qc7 {[%emt 0:15:09]} 7. O-O {[%emt 0:06:13]} g6 {[%emt 0:06:46]} 8. Nd2 {[%emt 0:05:26]} Bg7 {[%emt 0:01:41]} 9. e4 {[%emt 0:03:05]} O-O {[%emt 0:02:56]} 10. Qe2 {[%emt 0:00:51]} e6 {[%emt 0:03:27]} 11. Rb1 {[%emt 0:05:05]} a5 {[%emt 0:12:14]} 12. b3 {[%emt 0:10:33]} Nc6 {[%emt 0:02:33]} 13. Nxc6 {[%emt 0:02:32]} Bxc6 {[%emt 0:00:07]} 14. e5 {[%emt 0:00:24]} Nd7 {[%emt 0:00:09]} 15. c3 {[%emt 0:03:13]} Rfb8 {[%emt 0:02:08]} 16. Nf3 {[%emt 0:04:08]} Bf8 {[%emt 0:01:47]} 17. g4 {[%emt 0:01:39]} Re8 {[%emt 0:03:57]} 18. Be3 {[%emt 0:07:03]} Qb7 {[%emt 0:03:55]} 19. Bf2 {[%emt 0:00:52]} a4 {[%emt 0:02:25]} 20. Bg3 {[%emt 0:00:37]} axb3 {[%emt 0:09:18]} 21. axb3 {[%emt 0:00:17]} Bg7 {[%emt 0:00:18]} 22. Rfe1 {[%emt 0:10:27]} Ra3 {[%emt 0:03:47]} 23. f5 {[%emt 0:04:31]} Nb6 {[%emt 0:14:01]} 24. d4 {[%emt 0:01:11]} c4 {[%emt 0:00:16]} 25. Qc2 {[%emt 0:05:10]} cxb3 {[%emt 0:02:08]} 26. Rxb3 {[%emt 0:00:08]} Rea8 {[%emt 0:00:06]} 27. fxe6 {[%emt 0:03:37]} fxe6 {[%emt 0:00:13]} 28. Bf1 {[%emt 0:00:43]} Nc4 {[%emt 0:02:36]} 29. Rxa3 {[%emt 0:00:17]} Rxa3 {[%emt 0:00:32]} 30. Bd3 {[%emt 0:02:02]} b4 {[%emt 0:02:16]} 31. cxb4 {[%emt 0:02:29]} Qxb4 {[%emt 0:00:13]} 32. Rb1 {[%emt 0:00:43]} Qc3 {[%emt 0:01:15]} 33. Qxc3 {[%emt 0:00:42]} Rxc3 {[%emt 0:00:04]} 34. Bxc4 {[%emt 0:00:16]} Rxc4 {[%emt 0:00:30]} 35. Rb8+ {[%emt 0:00:59]} Kf7 {[%emt 0:00:16]} 36. Ng5+ {[%emt 0:01:01]} Ke7 {[%emt 0:00:08]} 37. Nxh7 Rxd4 {[%emt 0:00:17]} 38. Bh4+ {[%emt 0:02:04]} Kd7 {[%emt 0:00:31]} 39. Nf6+ {[%emt 0:00:56]} Kc7 {[%emt 0:01:31]} 40. Rg8 {[%emt 0:01:31]} Bxf6 {[%emt 0:00:06]} 41. exf6 {[%emt 0:30:18]} Rd1+ {[%emt 0:34:59]} 42. Kf2 {[%emt 0:00:31]} Bb5 {[%emt 0:00:04]} 43. Bg3+ {[%emt 0:00:00]} Kd7 {[%emt 0:00:00]} 44. Rg7+ {[%emt 0:00:00]} Kc6 {[%emt 0:00:00]} 45. Rxg6 {[%emt 0:00:00]} Rf1+ {[%emt 0:00:00]} 46. Kg2 {[%emt 0:00:00]} d4 {[%emt 0:00:00]} 47. Bf2 {[%emt 0:00:00]} d3 {[%emt 0:00:00]} 48. f7 {[%emt 0:00:00]} d2 {[%emt 0:00:00]} 49. f8=Q {[%emt 0:00:00]} d1=Q {[%emt 0:00:00]} 50. Qc5+ {[%emt 0:00:00]} 1-0

[Event "WTCC-50 2018"]
[Site "Radebeul"]
[Date "2018.07.10"]
[Round "4"]
[White "Marwitz, Tino"]
[Black "Teo, Kok Siong"]
[Result "1/2-1/2"]
[WhiteElo "2031"]
[BlackElo "2213"]
[Annotator "NA"]
[PlyCount "38"]
[EventDate "2018.07.07"]
[EventType "team-tourn"]
[EventCountry "GER"]
[SourceTitle "playchess.com"]
[Source "ChessBase"]
[SourceQuality "1"]
[TimeControl "40/5400+30:1800+30"]

1. d4 {[%emt 0:00:00]} Nf6 {[%emt 0:00:00]} 2. c4 {[%emt 0:00:07]} e6 {[%emt 0:01:26]} 3. g3 {[%emt 0:00:17]} d5 {[%emt 0:04:51]} 4. Bg2 {[%emt 0:00:28]} Be7 {[%emt 0:01:52]} 5. Nf3 {[%emt 0:00:06]} O-O {[%emt 0:00:27]} 6. O-O {[%emt 0:00:04]} b6 {[%emt 0:04:47]} 7. Nc3 {[%emt 0:00:23]} Bb7 {[%emt 0:00:41]} 8. cxd5 {[%emt 0:01:03]} Nxd5 {[%emt 0:05:43]} 9. Re1 {[%emt 0:01:50]} Nxc3 {[%emt 0:01:46]} 10. bxc3 {[%emt 0:00:07]} c5 {[%emt 0:17:02]} 11. e4 {[%emt 0:05:18]} Nd7 {[%emt 0:03:35]} 12. e5 {[%emt 0:06:04]} b5 {[%emt 0:07:11]} 13. Rb1 {[%emt 0:01:23]} Qa5 {[%emt 0:06:16]} 14. Bd2 {[%emt 0:05:47]} Rab8 {[%emt 0:07:41]} 15. c4 {[%emt 0:04:55]} Qxa2 {[%emt 0:03:03]} 16. cxb5 {[%emt 0:00:23]} cxd4 {[%emt 0:00:41]} 17. Bb4 Bxb4 {[%emt 0:08:09]} 18. Rxb4 {[%emt 0:05:34]} d3 {[%emt 0:02:43]} 19. Qxd3 Nc5 1/2-1/2

[Event "WTCC-50 2018"]
[Site "Radebeul"]
[Date "2018.07.10"]
[Round "4"]
[White "Habel, Christof"]
[Black "Fegan, Chris"]
[Result "1/2-1/2"]
[WhiteElo "2026"]
[BlackElo "2040"]
[Annotator "NA"]
[PlyCount "87"]
[EventDate "2018.07.07"]
[EventType "team-tourn"]
[EventCountry "GER"]
[SourceTitle "playchess.com"]
[Source "ChessBase"]
[SourceQuality "1"]
[TimeControl "40/5400+30:1800+30"]

1. d4 {[%emt 0:00:00]} f5 {[%emt 0:00:00]} 2. Nc3 {[%emt 0:00:25]} Nf6 {[%emt 0:00:00]} 3. Bg5 {[%emt 0:00:35]} g6 {[%emt 0:00:34]} 4. Bxf6 {[%emt 0:03:01]} exf6 {[%emt 0:00:08]} 5. d5 {[%emt 0:01:42]} d6 {[%emt 0:02:38]} 6. Nf3 {[%emt 0:01:51]} Bg7 {[%emt 0:01:41]} 7. e3 {[%emt 0:00:37]} O-O {[%emt 0:03:49]} 8. Bd3 {[%emt 0:00:42]} Nd7 {[%emt 0:01:18]} 9. Nd4 {[%emt 0:03:42]} Ne5 {[%emt 0:01:57]} 10. h4 {[%emt 0:00:19]} c5 {[%emt 0:01:56]} 11. dxc6 {[%emt 0:02:21]} bxc6 {[%emt 0:03:07]} 12. h5 {[%emt 0:00:14]} Qb6 {[%emt 0:03:26]} 13. b3 {[%emt 0:08:26]} f4 {[%emt 0:05:07]} 14. Na4 {[%emt 0:11:38]} Qa5+ {[%emt 0:07:40]} 15. Qd2 {[%emt 0:00:42]} Nxd3+ {[%emt 0:03:31]} 16. cxd3 {[%emt 0:02:04]} Qe5 {[%emt 0:06:54]} 17. hxg6 {[%emt 0:15:47]} hxg6 {[%emt 0:01:55]} 18. Rb1 {[%emt 0:10:56]} Re8 {[%emt 0:06:51]} 19. Nc2 {[%emt 0:01:27]} Qg5 {[%emt 0:05:44]} 20. Kf1 {[%emt 0:04:11]} fxe3 {[%emt 0:05:46]} 21. Nxe3 {[%emt 0:05:36]} Ba6 {[%emt 0:01:25]} 22. Nb2 {[%emt 0:01:35]} d5 {[%emt 0:02:18]} 23. Rh3 {[%emt 0:00:31]} f5 {[%emt 0:05:45]} 24. Na4 {[%emt 0:10:24]} Bh6 {[%emt 0:09:27]} 25. Nc5 {[%emt 0:01:54]} Bc8 {[%emt 0:03:45]} 26. Rg3 {[%emt 0:00:48]} Qh5 {[%emt 0:06:20]} 27. Rh3 {[%emt 0:00:32]} Bxe3 {[%emt 0:04:38]} 28. fxe3 {[%emt 0:00:53]} Qg4 {[%emt 0:01:34]} 29. Qc3 {[%emt 0:01:10]} d4 {[%emt 0:01:07]} 30. Qxd4 {[%emt 0:00:10]} Qxd4 {[%emt 0:00:29]} 31. exd4 {[%emt 0:00:01]} Rd8 {[%emt 0:01:49]} 32. Re1 {[%emt 0:00:49]} Kg7 {[%emt 0:01:57]} 33. Re7+ {[%emt 0:04:16]} Kf6 {[%emt 0:00:12]} 34. Rc7 {[%emt 0:00:32]} Rxd4 {[%emt 0:01:14]} 35. Rxc6+ {[%emt 0:00:21]} Kg5 {[%emt 0:00:31]} 36. Re3 {[%emt 0:05:04]} f4 {[%emt 0:00:47]} 37. Re5+ {[%emt 0:00:54]} Kh6 {[%emt 0:00:30]} 38. Rc7 {[%emt 0:01:27]} Bf5 {[%emt 0:00:24]} 39. Rf7 {[%emt 0:00:22]} a5 {[%emt 0:00:41]} 40. Rf6 {[%emt 0:00:27]} Kg5 {[%emt 0:00:27]} 41. Rb6 {[%emt 0:31:32]} Kg4 {[%emt 0:04:08]} 42. Kf2 {[%emt 0:00:00]} Rh8 {[%emt 0:08:31]} 43. Rf6 {[%emt 0:00:00]} Rh1 {[%emt 0:03:53]} 44. Re2 {[%emt 0:00:00]} 1/2-1/2

[Event "WTCC-50 2018"]
[Site "Radebeul"]
[Date "2018.07.10"]
[Round "4"]
[White "Cordes, Steffen"]
[Black "Scheckenbach, Franz"]
[Result "0-1"]
[WhiteElo "1974"]
[BlackElo "2106"]
[Annotator "NA"]
[PlyCount "94"]
[EventDate "2018.07.07"]
[EventType "team-tourn"]
[EventCountry "GER"]
[SourceTitle "playchess.com"]
[Source "ChessBase"]
[SourceQuality "1"]
[TimeControl "40/5400+30:1800+30"]

1. e4 {[%emt 0:00:00]} c5 {[%emt 0:00:00]} 2. Nf3 {[%emt 0:00:00]} d6 {[%emt 0:00:00]} 3. Nc3 {[%emt 0:00:05]} Nf6 {[%emt 0:01:06]} 4. d4 {[%emt 0:00:09]} cxd4 {[%emt 0:00:10]} 5. Nxd4 {[%emt 0:00:07]} a6 {[%emt 0:00:25]} 6. Bc4 {[%emt 0:00:22]} e6 {[%emt 0:00:45]} 7. Bb3 {[%emt 0:00:08]} Nc6 {[%emt 0:02:39]} 8. Be3 {[%emt 0:02:56]} Bd7 {[%emt 0:05:34]} 9. Qe2 {[%emt 0:01:47]} Qc7 {[%emt 0:05:57]} 10. O-O-O {[%emt 0:01:14]} Na5 {[%emt 0:04:04]} 11. Kb1 {[%emt 0:00:56]} b5 {[%emt 0:01:52]} 12. Bc1 {[%emt 0:07:52]} b4 {[%emt 0:04:54]} 13. Na4 {[%emt 0:00:59]} e5 {[%emt 0:03:11]} 14. Nf5 {[%emt 0:03:46]} Bb5 {[%emt 0:07:23]} 15. Qe1 {[%emt 0:11:28]} Rc8 {[%emt 0:11:53]} 16. Ne3 {[%emt 0:26:33]} Nxb3 {[%emt 0:06:28]} 17. axb3 {[%emt 0:05:11]} Nxe4 {[%emt 0:06:23]} 18. f3 {[%emt 0:04:35]} Nf6 {[%emt 0:07:17]} 19. Qxb4 {[%emt 0:10:49]} d5 {[%emt 0:00:48]} 20. Qe1 {[%emt 0:00:26]} Be7 {[%emt 0:02:30]} 21. c3 {[%emt 0:03:42]} Bc6 {[%emt 0:17:12]} 22. Nf5 {[%emt 0:02:42]} O-O {[%emt 0:00:46]} 23. Be3 {[%emt 0:06:31]} Bxa4 {[%emt 0:02:46]} 24. bxa4 {[%emt 0:00:13]} Qd7 {[%emt 0:02:43]} 25. g4 {[%emt 0:00:47]} Rb8 {[%emt 0:01:04]} 26. Nxe7+ {[%emt 0:01:52]} Qxe7 {[%emt 0:00:04]} 27. g5 {[%emt 0:00:24]} Nh5 {[%emt 0:00:18]} 28. Rxd5 {[%emt 0:00:25]} Rxb2+ {[%emt 0:00:43]} 29. Kxb2 {[%emt 0:00:16]} Qb7+ {[%emt 0:00:04]} 30. Ka1 {[%emt 0:01:38]} Qxd5 {[%emt 0:00:07]} 31. Qd1 {[%emt 0:00:34]} Qc6 {[%emt 0:00:39]} 32. Bd2 {[%emt 0:01:52]} Rb8 {[%emt 0:01:25]} 33. Re1 {[%emt 0:01:13]} Qc5 {[%emt 0:00:24]} 34. Qc2 {[%emt 0:00:14]} g6 {[%emt 0:01:01]} 35. Rb1 {[%emt 0:01:13]} Rd8 {[%emt 0:00:38]} 36. Bc1 {[%emt 0:01:02]} Qc6 {[%emt 0:01:07]} 37. Qe4 {[%emt 0:00:56]} Qc7 {[%emt 0:00:52]} 38. Rb7 {[%emt 0:01:57]} Qc5 {[%emt 0:00:39]} 39. Rb1 {[%emt 0:01:19]} Nf4 {[%emt 0:00:30]} 40. Ka2 {[%emt 0:00:31]} Nd3 {[%emt 0:00:51]} 41. Bb2 {[%emt 0:30:47]} Nxb2 {[%emt 0:30:23]} 42. Rxb2 {[%emt 0:00:38]} Qxc3 {[%emt 0:00:23]} 43. Qb7 {[%emt 0:00:42]} Qc4+ {[%emt 0:02:13]} 44. Qb3 {[%emt 0:00:00]} Qf4 {[%emt 0:00:00]} 45. Rg2 {[%emt 0:00:00]} Rd4 {[%emt 0:00:00]} 46. Ka3 {[%emt 0:00:00]} a5 {[%emt 0:00:00]} 47. Qb5 {[%emt 0:00:00]} Qxf3+ {[%emt 0:00:00]} 0-1

[Event "WTCC-50 2018"]
[Site "Radebeul"]
[Date "2018.07.10"]
[Round "4"]
[White "Luger, Jens"]
[Black "Gempe, Thomas"]
[Result "1/2-1/2"]
[WhiteElo "1920"]
[BlackElo "2178"]
[Annotator "NA"]
[PlyCount "40"]
[EventDate "2018.07.07"]
[EventType "team-tourn"]
[EventCountry "GER"]
[SourceTitle "playchess.com"]
[Source "ChessBase"]
[SourceQuality "1"]
[TimeControl "40/5400+30:1800+30"]

1. d4 {[%emt 0:00:00]} Nf6 {[%emt 0:00:07]} 2. c4 {[%emt 0:00:00]} g6 {[%emt 0:00:47]} 3. Nf3 {[%emt 0:00:07]} Bg7 {[%emt 0:00:20]} 4. Nc3 {[%emt 0:00:08]} d5 {[%emt 0:00:13]} 5. h3 {[%emt 0:02:25]} O-O {[%emt 0:05:34]} 6. Bf4 {[%emt 0:00:33]} c5 {[%emt 0:02:35]} 7. e3 {[%emt 0:00:53]} Nc6 {[%emt 0:00:35]} 8. dxc5 {[%emt 0:03:13]} Qa5 {[%emt 0:02:07]} 9. Nd2 {[%emt 0:09:26]} dxc4 {[%emt 0:20:51]} 10. Bxc4 {[%emt 0:07:43]} Qxc5 {[%emt 0:01:31]} 11. Qe2 {[%emt 0:16:43]} a6 {[%emt 0:14:18]} 12. Rc1 {[%emt 0:01:21]} Qb4 {[%emt 0:21:12]} 13. O-O {[%emt 0:15:29]} Qxb2 {[%emt 0:06:47]} 14. Bb3 {[%emt 0:17:10]} Nh5 {[%emt 0:03:11]} 15. Bh2 {[%emt 0:04:45]} Bxc3 {[%emt 0:05:42]} 16. Rc2 Qa3 {[%emt 0:00:24]} 17. Rxc3 {[%emt 0:01:15]} Qa5 {[%emt 0:00:34]} 18. Rfc1 {[%emt 0:01:19]} Nf6 {[%emt 0:00:51]} 19. Rc5 {[%emt 0:04:24]} Qb6 {[%emt 0:02:38]} 20. R5c3 {[%emt 0:00:39]} Qa5 1/2-1/2